00250nam a2200097Ia 4500008004100000100002200041245002600063260003200089300000900121650002200130190216s9999||||xx |||||||||||||| ||und|| aVidwan P C S Nair 0aAbhijnana Sakunthalam bPoorna Pubs Kozhikodec1983 a130p aMalayalam Nadakam